000
00310nam a22001337a 4500
020
_a
978-0-571-23931-3
082
_a
823
_b
LLO/B
100
_a
LLOSA, MARIO VARGAS
245
_a
THE BAD GIRL
260
_a
UNITED KINGDOM
_b
FABER AND FABER
_c
2007
300
_a
403
650
_a
NOVEL
_z
UNITED KINGDOM
942
_c
BK
999
_c
3426
_d
3426